MANAGING THE PUBLIC SECTOR (Record no. 2519)
[ view plain ]
| 000 -LEADER | |
|---|---|
| fixed length control field | 00472nam a22001697a 4500 |
| 005 - DATE AND TIME OF LATEST TRANSACTION | |
| control field | 20250114122350.0 |
| 008 - FIXED-LENGTH DATA ELEMENTS--GENERAL INFORMATION | |
| fixed length control field | 250114b |||||||| |||| 00| 0 eng d |
| 020 ## - INTERNATIONAL STANDARD BOOK NUMBER | |
| International Standard Book Number | 9781439081457 |
| 050 ## - LIBRARY OF CONGRESS CALL NUMBER | |
| Classification number | JF1351 |
| Item number | .S74 |
| 082 ## - DEWEY DECIMAL CLASSIFICATION NUMBER | |
| Edition information | 9th ed |
| 100 ## - MAIN ENTRY--PERSONAL NAME | |
| Personal name | STARLING, GROVER |
| 245 ## - TITLE STATEMENT | |
| Title | MANAGING THE PUBLIC SECTOR |
| Statement of responsibility, etc. | GROVER STARLING |
| 250 ## - EDITION STATEMENT | |
| Edition statement | INTERNATIONAL EDITION |
| 260 ## - PUBLICATION, DISTRIBUTION, ETC. | |
| Place of publication, distribution, etc. | AUSTRALIA |
| Name of publisher, distributor, etc. | WADSWORTH CENGAGE LEARNING |
| Date of publication, distribution, etc. | c2011 |
| 300 ## - PHYSICAL DESCRIPTION | |
| Extent | XXII, ;596 P |
| Other physical details | ILLUS |
| 942 ## - ADDED ENTRY ELEMENTS (KOHA) | |
| Source of classification or shelving scheme | Library of Congress Classification |
| Koha item type | Books |
| Suppress in OPAC | No |
| 999 ## - | |
| -- | 2519 |
| -- | 2519 |
| Withdrawn status | Lost status | Source of classification or shelving scheme | Damaged status | Not for loan | Collection | Home library | Current library | Shelving location | Date acquired | Total checkouts | Full call number | Barcode | Date last seen | Copy number | Price effective from | Koha item type |
|---|---|---|---|---|---|---|---|---|---|---|---|---|---|---|---|---|
| Library of Congress Classification | Non-fiction | Business Library (Miotso) | Business Library (Miotso) | General stacks | 04/21/2026 | JF1351.S74 STA | BSSM00003358 | 04/21/2026 | 1 | 04/21/2026 | Books | |||||
| Library of Congress Classification | Non-fiction | Business Library (Miotso) | Business Library (Miotso) | General stacks | 04/21/2026 | JF1351.S74 STA | BSSM00003359 | 04/21/2026 | 2 | 04/21/2026 | Books | |||||
| Library of Congress Classification | Non-fiction | Undergraduate Library (Christ Temple) | Undergraduate Library (Christ Temple) | General stacks | 01/14/2025 | JF1351.S74 STA | ulct00000790 | 01/14/2025 | 1 | 01/14/2025 | Books |